Compensaciones, deducciones y transacciones en el derecho tributario (Registro nro. 15602)

Detalles MARC
000 -LEADER
fixed length control field 00338 a2200109 4500
001 - CONTROL NUMBER
control field ART_30826
005 - DATE AND TIME OF LATEST TRANSACTION
control field 20260410161706.0
008 - FIXED-LENGTH DATA ELEMENTS--GENERAL INFORMATION
fixed length control field 260409a
100 1# - MAIN ENTRY--PERSONAL NAME
Personal name Oklander, Juan
245 10 - TITLE STATEMENT
Title Compensaciones, deducciones y transacciones en el derecho tributario
773 0# - HOST ITEM ENTRY
Title Revista Impuestos
Related parts - Nº 9 (may. 2008)
Record control number REV639

No hay ítems disponibles.